Countries that Beat Maldives - Statistics

General Stats
  • This quiz has been taken 439 times
  • The average score is 8 of 15
Answer Stats
Rank Category Countries % Correct
3 Southernmost country in Asia Indonesia | East Timor
97%
2 Closest non-bordering country to India Sri Lanka
94%
3 Smallest country starting with M Monaco | Marshall Islands
85%
4 Least guessed Asian country in theCountries of the World Quiz East Timor | Brunei | Bahrain
79%
10 Highest % of population is Muslim Mauritania | Somalia | Tunisia | Afghanistan | Iran | Turkey | Yemen | Algeria | Morocco
79%
4 Smallest country to be colonized by the U.K. Nauru | Tuvalu | Saint Kitts and Nevis
64%
4 Least populous capital city in Asia Brunei | East Timor | Bhutan
61%
3 Most densely populated island nation Singapore | Bahrain
59%
3 (t) Whose capital has the lowest elevation Azerbaijan | Netherlands
54%
2 Eat the most fish [1] Iceland
43%
4 Longest coastline per km2 Monaco | Tuvalu | Marshall Islands
34%
5 Whose center is closest to the Equator in the Northern Hemisphere São Tomé and Príncipe | Singapore | Uganda | Equatorial Guinea
32%
7 Most recent to join the Commonwealth Rwanda | Mozambique | Cameroon | Namibia |Brunei | St. Kitts and Nevis
22%
2 Lowest highest point in a country Tuvalu
22%
3 Country most reliant on tourism [2] Antigua and Barbuda | St. Lucia
16%
No matching quizzes found
Score Distribution
Percent of People with Each Score
Percentile by Number Answered
Your Score History
You have not taken this quiz